000 00704nam a2200193 i 4500
001 63175
003 ES-MaACL
005 20230906164812.0
007 t|
008 031202s1946 sp ||||1| spa d
100 1 _aFernández Salcedo, Luis.
_950061
245 1 0 _aCharlas agrícolas
_b: (selección de artículos publicados en la revista "Agricultura") /
_cpor Luis Fernández Salcedo.
260 _a[Madrid] :
_bMinisterio de Agricultura,
_c[1946] (
_fUguina)
300 _a219 p. :
_bil. ;
_c24 cm.
490 1 _aSección de Publicaciones, Prensa y Propaganda
830 0 _aSección de Publicaciones, Prensa y Propaganda
_9180914
852 _aES-MaACL
_jD-7535
_bR.29730
999 _c63175
_d63175